000
00339nam a2200145Ia 4500
005
20251222151328.0
008
251222s9999||||xx |||||||||||||| ||spa||
020
_a
8401463300
082
_a
863/H54
100
_a
Hill, Reginald
245
0
_a
La Falsa Moneda de la Bondad
250
_a
1ra.ed.
264
_b
Plaza & Janés
942
_c
LIB
999
_c
23968
_d
23968